000 01038cam a22003377a 4500
003 CHAP
005 20220329140424.0
008 971013s1945 r 00010 d
010 _a51729
011 _a52701
035 _a56851
040 _cCHAP
090 _aTesis
100 0 0 _aTreviño Saldaña, Oscar.
_9114884
245 1 3 _aLa industria de la chapa y del triplay
260 _aChapingo, Méx. :
_bEl autor,
_c1945
300 _a79 p.
_b: ilus.
502 _aTesis (Ing. Agr. Esp. en Bosques) -- ENA
590 _aALEPH
_b10
_c20130110
_lUCH01
_h1328
590 _aBATCH-UPD
_b10
_c20130110
_lUCH01
_h0202
590 _aBATCH-UPD
_b10
_c20130110
_lUCH01
_h2214
590 _aBATCH-UPD
_b10
_c20130409
_lUCH01
_h2211
590 _aBATCH-UPD
_b10
_c20130914
_lUCH01
_h0918
590 _aCONVERSION
_b10
_c20130109
_lUCH01
_h1328
650 1 4 _aChapa y chapeado.
_921886
650 1 4 _aTriplay.
_9115171
901 _aBK
942 _cFOLL
949 _bBC
_cTES
_d-123982
_eTS1
_i56851
_si
949 _bBC
_cTES
_d-123983
_eTS2
_f3c.2
_i56851
_si
999 _c51729
_d51729